A TEXT BOOK OF ADVANCED INSTRUMENTATION TECHNIQUES (Record no. 27097)

MARC details
000 -LEADER
fixed length control field 00398nam a22001577a 4500
003 - CONTROL NUMBER IDENTIFIER
control field SGT
020 ## - INTERNATIONAL STANDARD BOOK NUMBER
International Standard Book Number 9354511384
082 ## - DEWEY DECIMAL CLASSIFICATION NUMBER
Classification number 615.190
Item number A22R
100 ## - MAIN ENTRY--PERSONAL NAME
Personal name RAYAJI, ASHWINI
245 ## - TITLE STATEMENT
Title A TEXT BOOK OF ADVANCED INSTRUMENTATION TECHNIQUES
260 ## - PUBLICATION, DISTRIBUTION, ETC. (IMPRINT)
Place of publication, distribution, etc PUNE
Name of publisher, distributor, etc NIRALI PRAKASHAN
Year of Publication 2022
300 ## - PAGE DESCRIPTION
No. of Pages 5.10
650 ## - SUBJECT ADDED ENTRY--TOPICAL TERM
Topical term or geographic name as entry element PHARMACY
653 ## - KEYWORDS--INDEX TERM
Keyword term ADVANCED, INSTRUMENTATION, TECHNIQUES
942 ## - ADDED ENTRY ELEMENTS (KOHA)
Source of classification or shelving scheme Dewey Decimal Classification
Koha item type Books
Holdings
Withdrawn status Lost status Source of classification or shelving scheme Damaged status Not for loan Collection code Home library Current library Shelving location Date acquired Vendor Name Cost, normal purchase price SGTU Bill Number Total Checkouts Full call number Accession No. (Barcode) Date last seen Bill Date Koha item type Use restrictions
    Dewey Decimal Classification     PHARMACY SGT FA-FP Library SGT FA-FP Library Text Book 03/10/2024 AHUJA PUB. 120.00 SGTU 19381   615.190 A22R FP5231 03/10/2024 13/08/2024 Books  
    Dewey Decimal Classification     PHARMACY SGT FA-FP Library SGT FA-FP Library Text Book 03/10/2024 AHUJA PUB. 120.00 SGTU 19381   615.190 A22R FP5232 03/10/2024 13/08/2024 Books  
    Dewey Decimal Classification     PHARMACY SGT FA-FP Library SGT FA-FP Library Reference Book 03/10/2024 AHUJA PUB. 120.00 SGTU 19381   615.190 A22R FP5233 03/10/2024 13/08/2024 Books Restricted Access
    Dewey Decimal Classification     PHARMACY SGT FA-FP Library SGT FA-FP Library Text Book 03/10/2024 AHUJA PUB. 120.00 SGTU 19381   615.190 A22R FP5234 03/10/2024 13/08/2024 Books  
    Dewey Decimal Classification     PHARMACY SGT FA-FP Library SGT FA-FP Library Text Book 03/10/2024 AHUJA PUB. 120.00 SGTU 19381   615.190 A22R FP5235 03/10/2024 13/08/2024 Books